Thalam (Record no. 15834)
[ view plain ]
| 000 -LEADER | |
|---|---|
| fixed length control field | 00201nam a22000977a 4500 |
| 003 - CONTROL NUMBER IDENTIFIER | |
| control field | OSt |
| 008 - FIXED-LENGTH DATA ELEMENTS--GENERAL INFORMATION | |
| fixed length control field | 191022b ||||| |||| 00| 0 eng d |
| 100 ## - MAIN ENTRY--AUTHOR NAME | |
| Personal name | Surendran,K. |
| 245 ## - TITLE STATEMENT | |
| Title | Thalam |
| 942 ## - ADDED ENTRY ELEMENTS (KOHA) | |
| Koha item type | Books |
| Withdrawn status | Lost status | Damaged status | Home library | Current library | Date acquired | Cost, normal purchase price | Accession Number | Koha item type |
|---|---|---|---|---|---|---|---|---|
| Withdrawn | KAUAET | KAUAET | 22/10/2019 | 5.00 | 320 | Books | ||
| Withdrawn | KAUAET | KAUAET | 29/01/2021 | 5890 | Books |
